书目信息 |
| 题名: |
工程监理与检测
|
|
| 作者: | 赵广田 , 孙明权 主编 | |
| 分册: | ||
| 出版信息: | 郑州 黄河水利出版社 1998.09 |
|
| 页数: | 309页 | |
| 开本: | 16开 | |
| 丛书名: | ||
| 单 册: | ||
| 中图分类: | TU712 | |
| 科图分类: | ||
| 主题词: | 建筑工程--施工管理 | |
| 电子资源: | ||
| ISBN: | 7-80621-247-7 | |
| 000 | 00615nam0 2200205 45 | |
| 001 | 0010042060 | |
| 005 | 20001004200227.1 | |
| 010 | @a7-80621-247-7@d25.00元 | |
| 100 | @a20001004d1998 km y0chiy0120 ea | |
| 101 | 0 | @achi |
| 105 | @a z 000yy | |
| 200 | 1 | @a工程监理与检测@AGong Cheng Jian Li Yu Jian Ce@f赵广田,孙明权主编@FZhao Guang Tian,Sun Ming Quan Zhu Bian |
| 210 | @a郑州@c黄河水利出版社@d1998.09 | |
| 215 | @a309页@d16开 | |
| 606 | 0 | @a建筑工程@x施工管理 |
| 690 | @aTU712@v3 | |
| 701 | 0 | @a赵广田@4主编 |
| 701 | 0 | @a孙明权@4主编 |
| 801 | @aCN@bPftUser@c20001004 | |
| 905 | @b413799-803@dTU712@eZH835@f5 | |
| 工程监理与检测/赵广田,孙明权主编.-郑州:黄河水利出版社,1998.09 |
| 309页;16开 |
| ISBN 7-80621-247-7:25.00元 |
| ● |
| 相关链接 |
|
|
|
正题名:工程监理与检测
索取号:TU712/ZH835
 
预约/预借
| 序号 | 登录号 | 条形码 | 馆藏地/架位号 | 状态 | 备注 |
| 1 | 413799 | 204137996 | 建筑库201/ [索取号:TU712/ZH835] | 在馆 | |
| 2 | 413800 | 204138003 | 自科二线404/404自科库 11排5列3层/ [索取号:TU712/ZH835] | 在馆 | |
| 3 | 413801 | 204138012 | 建筑库201/201建筑库 21排4列4层/ [索取号:TU712/ZH835] | 在馆 | |
| 4 | 413802 | 204138021 | 建筑库201/201建筑库 21排4列4层/ [索取号:TU712/ZH835] | 在馆 | |
| 5 | 413803 | 204138030 | 建筑库201/201建筑库 21排4列4层/ [索取号:TU712/ZH835] | 在馆 |